00621nam a2200229 a 4500001001300000003000900013005001700022008004100039020001000080082001500090245002700105260002900132300000900161500003500170505001000205650002400215710003100239902000800270942000700278952009500285999001100380nice12345678IN_TiNIC20260116011251.0050524s1924 lona grp 000 0 eng  ac10000a242.2bSCM aHighways of the Spirit aLondonbScm Press c1924 a397p aincludes index and biblioraphy2 aIndex aPrayer-Christianity2 aStudent Christian Movement bSRS cBK 00104070aHMIbHMId2007-06-29g100.00l0o242.2 SCMp3400r2007-06-29w2026-01-16yARB c26d26